Lower semicontinuity of the solution sets of parametric generalized quasiequilibrium problems = Tính chất nửa liên tục dưới của các tập nghiệm của các bài toán tựa cân bằng tổng quát phụ thuộc tham số /
Đã lưu trong:
| Príomhúdar: | |
|---|---|
| Formáid: | Bài viết |
| Teanga: | Vietnamese |
| Clibeanna: |
Cuir Clib Leis
Gan Chlibeanna, Bí ar an gcéad duine leis an taifead seo a chlibeáil!
|
| Thư viện lưu trữ: | Thư viện Trường Đại học Đà Lạt |
|---|
| LEADER | 00893nam a2200217 4500 | ||
|---|---|---|---|
| 001 | DLU140163737 | ||
| 005 | ##20140908 | ||
| 040 | # | # | |a DLU |b vie |
| 041 | # | # | |a vie |
| 044 | # | # | |a vn |
| 100 | # | # | |a Nguyen Van Hung. |
| 245 | # | # | |a Lower semicontinuity of the solution sets of parametric generalized quasiequilibrium problems = |b Tính chất nửa liên tục dưới của các tập nghiệm của các bài toán tựa cân bằng tổng quát phụ thuộc tham số / |c Nguyen Van Hung. |
| 773 | # | # | |t Tạp chí Khoa học Đại học Sư phạm TP. Hồ Chí Minh: Khoa học tự nhiên & công nghệ |g Số 33(67), 2012, tr. 19-27 |
| 920 | # | # | |a Phòng Tạp chí -- Trung tâm Thông tin - Thư viện Trường Đại học Đà Lạt |
| 900 | # | # | |a True |
| 911 | # | # | |a Hoàng Thị Huyền |
| 925 | # | # | |a G |
| 926 | # | # | |a A |
| 927 | # | # | |a BB |
| 980 | # | # | |a Thư viện Trường Đại học Đà Lạt |